|
|
|
|
| LEADER |
00936nam a2200277 4500 |
| 001 |
DLU180188080 |
| 005 |
##20181022 |
| 040 |
# |
# |
|a DLU
|b vie
|
| 041 |
# |
# |
|a vie
|
| 044 |
# |
# |
|a vn
|
| 100 |
# |
# |
|a Nguyễn Văn Hương.
|
| 245 |
# |
# |
|a Đánh giá tính thống nhất giữa Bộ luật Hình sự năm 2015 với Luật Phòng, chống mua bán người và một số đề xuất /
|c Nguyễn Văn Hương.
|
| 653 |
# |
# |
|a Bộ luật Hình sự năm 2015
|
| 653 |
# |
# |
|a Luật Phòng, chống mua bán người
|
| 653 |
# |
# |
|a Tội danh
|
| 653 |
# |
# |
|a Trách nhiệm hình sự
|
| 773 |
# |
# |
|t Nhà nước và pháp luật
|g Số 3(347), 2017, tr. 23-28
|
| 920 |
# |
# |
|a Phòng Tạp chí -- Trung tâm Thông tin - Thư viện Trường Đại học Đà Lạt
|
| 994 |
# |
# |
|a DLU
|
| 900 |
# |
# |
|a True
|
| 911 |
# |
# |
|a Hoàng Thị Huyền
|
| 925 |
# |
# |
|a G
|
| 926 |
# |
# |
|a A
|
| 927 |
# |
# |
|a BB
|
| 980 |
# |
# |
|a Thư viện Trường Đại học Đà Lạt
|